000
00208 a2200097 4500
001
30914
100
_a
Aziz, Ghulam
245
_a
Seerat Tayyba
260
_a
Lahore
_b
Maktaba Nobiva
_c
090
_c
20808
_d
20808
942
_a
NUST-CAE
_c
M
_c
12012
999
_c
265987
_d
265987